Juventud y accesibilidad laboral en Marruecos: un análisis con perspectiva de género (Record no. 214633)

MARC details
000 -CABECERA
campo de control de longitud fija 02363nam a2200265 4500
005 - FECHA Y HORA DE LA ÚLTIMA TRANSACCIÓN
campo de control 20260217173227.0
008 - ELEMENTOS DE LONGITUD FIJA--INFORMACIÓN GENERAL
campo de control de longitud fija 260217c2025 sp|ar|p|o|||| 00| 0 spa d
040 ## - FUENTE DE LA CATALOGACIÓN
Centro catalogador/agencia de origen MX-MxUPN
Lengua de catalogación spa
Centro/agencia transcriptor MX-MxUPN
Normas de descripción aacr2
100 1# - ASIENTO PRINCIPAL--NOMBRE PERSONAL
Nombre de persona Gómez Vicario, Mariana
9 (RLIN) 58813
100 1# - ASIENTO PRINCIPAL--NOMBRE PERSONAL
Nombre de persona Gutiérrez Sánchez, José David
9 (RLIN) 58814
100 1# - ASIENTO PRINCIPAL--NOMBRE PERSONAL
Nombre de persona Pantoja Vallejo, Antonio
9 (RLIN) 50974
245 1# - MENCIÓN DE TÍTULO
Título Juventud y accesibilidad laboral en Marruecos: un análisis con perspectiva de género
Medio [recurso electrónico en línea]
506 0# - NOTA DE RESTRICCIONES AL ACCESO
Limitaciones de acceso Acceso abierto
520 3# - NOTA DE RESUMEN, ETC.
Sumario, etc. El siguiente trabajo tiene como objetivo central analizar la percepción de un grupo de jóvenes marroquíes sobre el acceso al mundo laboral en Marruecos desde una perspectiva de género. Partiendo de una metodología mixta (cualitativa y cuantitativa) se realizaron entrevistas semiestructuradas, grupos de discusión y un cuestionario a 43 jóvenes de entre 15 y 20 años (25 hombres y 18 mujeres). La investigación contó con el apoyo de la Universidad Abdelmalek Essaâdi de Tetuán y asociaciones locales. Los resultados mostraron cómo los hombres sienten que disponen de desventajas a la hora de encontrar un empleo frente a las mujeres. Aunque se constata que los hombres disponen de mayores derechos y reconocimiento sociales, las mujeres encuentran un empleo con mayor facilidad. Sin embargo, ellas albergan mayor probabilidad de sufrir desventajas laborales y, en ocasiones, ser vistas como transgresoras de costumbres y tradiciones familiares, además de vivenciar presión social por crear una familia como actividad prioritaria frente al empleo. Entre sus conclusiones principales, el artículo expone situaciones de desigualdad social que, sobre todo, afectan a las mujeres a la hora de encontrar un empleo. Además, es posible observar cómo ante la imposibilidad de realizarse laboralmente, se cataliza la idealización y creación de un proyecto migratorio.
650 #4 - ASIENTO SECUNDARIO DE MATERIA - TERMINO TEMATICO
Término de materia o nombre geográfico como elemento de entrada Juventud
9 (RLIN) 14365
650 #2 - ASIENTO SECUNDARIO DE MATERIA - TERMINO TEMATICO
Término de materia o nombre geográfico como elemento de entrada Empleo
9 (RLIN) 17151
650 #4 - ASIENTO SECUNDARIO DE MATERIA - TERMINO TEMATICO
Término de materia o nombre geográfico como elemento de entrada Género
9 (RLIN) 5712
650 #4 - ASIENTO SECUNDARIO DE MATERIA - TERMINO TEMATICO
Término de materia o nombre geográfico como elemento de entrada Familias
9 (RLIN) 44286
653 ## - TERMINO DE INDIZACION - NO CONTROLADO
Término no controlado Migración
653 ## - TERMINO DE INDIZACION - NO CONTROLADO
Término no controlado Desigualdad social
773 ## - ENLACE AL DOCUMENTO FUENTE/ENTRADA DE REGISTRO ANFITRIÓN
Parte(s) relacionada(s) Vol. 27, no. 2 (2025), p. 188–200
Título Fuentes : revista de la Facultad de Ciencias de la Educación
Número Internacional Normalizado para Publicaciones Seriadas 2172-7775
856 4# - LOCALIZACIÓN Y ACCESO ELECTRÓNICOS
Identificador Uniforme del Recurso <a href="https://revistascientificas.us.es/index.php/fuentes/article/view/26918">https://revistascientificas.us.es/index.php/fuentes/article/view/26918</a>
902 ## - ELEMENTOS DE DATOS B LOCAL, LDB (RLIN)
Creó Gloria Jiménez/170226
942 ## - ELEMENTOS DE PUNTO DE ACCESO ADICIONAL (KOHA)
Tipo de ítem Koha Artículo Electrónico
Holdings
Estado de retiro Estado de pérdida Estado dañado No para préstamo Código de colección Localización permanente Ubicación/localización actual Ubicación en estantería Fecha de adquisición Total de préstamos Fecha visto por última vez Identificador Uniforme del Recurso Precio válido a partir de Tipo de ítem Koha
        Acceso abierto Bib. Gregorio Torres Quintero Bib. Gregorio Torres Quintero En línea 17/02/2026   17/02/2026 https://revistascientificas.us.es/index.php/fuentes/article/view/26918 17/02/2026 Artículo Electrónico